Technical communication (Record no. 182902)

000 -LEADER
fixed length control field 00391nam a2200145Ia 4500
008 - FIXED-LENGTH DATA ELEMENTS--GENERAL INFORMATION
fixed length control field 220217s9999||||xx |||||||||||||| ||und||
020 ## - INTERNATIONAL STANDARD BOOK NUMBER
International Standard Book Number 9788131502235
082 ## - DEWEY DECIMAL CLASSIFICATION NUMBER
Classification number 658.311 AND
100 ## - MAIN ENTRY--PERSONAL NAME
Personal name Anderson, Paul
245 #0 - TITLE STATEMENT
Title Technical communication
250 ## - EDITION STATEMENT
Edition statement 6th
260 ## - PUBLICATION, DISTRIBUTION, ETC.
Place of publication, distribution, etc. Cengage learning
Name of publisher, distributor, etc. New Delhi
Date of publication, distribution, etc. 2007
300 ## - PHYSICAL DESCRIPTION
Extent XXV, 722p.
Other physical details 395
650 ## - SUBJECT ADDED ENTRY--TOPICAL TERM
Topical term or geographic name entry element HUMAN RESOURCE MANAGEMENT
Holdings
Withdrawn status Lost status Damaged status Not for loan Collection code Home library Current library Shelving location Date acquired Full call number Barcode Date last seen Price effective from Koha item type
        Humanity Science Central Library Central Library Book Cart 02/18/2022 658.311 AND 18091 02/18/2022 02/18/2022 Books

Powered by Koha